000 00534nam a2200193Ia 4500
999 _c3493
_d3493
003 GBCCL
005 20241126110456.0
008 171128b xxu||||| |||| 00| 0 eng d
020 _a978-1-888810-65-3
040 _cgbc
082 _a262.1
_bWEB.4
100 _aWebber, Malcolm
_97029
245 _aBuilding Leaders /
_cMalcolm Webber
260 _bStrategic Press,
_aElkhart:
_c2002
300 _a255p.;
_bill.,
_c23 cm.
440 _aSpiritBuilt Leadership
_v4
_97036
650 _aChristian Leadership
_91568
942 _eV4
_2ddc
_cBK
_03